[Event "Moscow Open-F 2019"]
[Site "Moscow"]
[Date "2019.02.02"]
[Round "9"]
[White "Mamedov, Vusal"]
[Black "Matyunin, Maxim"]
[Result "1/2-1/2"]
[WhiteElo "2000"]
[BlackElo "2218"]
[Annotator "TA"]
[PlyCount "150"]
[EventDate "2019.01.26"]
[EventType "swiss"]
[EventCountry "RUS"]
[SourceTitle "playchess.com"]
[Source "ChessBase"]
[SourceQuality "1"]

{[%evp 18,150,10,0,32,-22,-29,-31,-1,-23,69,61,58,88,123,38,58,64,63,2,27,0,52,25,58,59,45,30,55,66,74,73,67,63,67,61,53,61,75,72,103,96,130,130,135,125,134,126,193,204,314,304,376,358,416,420,434,440,381,320,337,347,1079,1071,1033,1016,1245,1240,1240,1054,1185,595,674,429,683,683,640,66,417,190,322,0,284,0,302,213,235,0,658,591,657,657,657,656,645,625,572,535,617,604,1078,1077,1014,1020,976,1012,961,884,944,507,584,50,50,57,79,0,0,0,108,0,182,0,0,0,0,0,0,0,0,0,0,0,0,0,0]} 1. e4 e6 2. d4 d5 3. Nd2 Nf6 4. e5 (4. Bd3 c5 5. e5 {1-0 (28) Khairullin,I (2451)-Iljushin,A (2526) Moscow 2004}) 4... Nfd7 5. Bd3 c5 6. c3 Nc6 7. Ne2 cxd4 8. cxd4 f6 9. f4 fxe5 10. dxe5 (10. fxe5 Nxd4 $1 {[%mdl 512]} 11. Nxd4 Qh4+ 12. g3 Qxd4 $15) 10... Bc5 {C06: French Tarrasch: 3...Nf6 4 e5 Nfd7 5 Bd3 main lines} (10... Nc5 11. Bb1 Bd7 12. O-O Qb6 13. Kh1 Be7 14. Nc3 O-O-O 15. a3 a5 16. b4 axb4 17. axb4 Nxb4 18. Nf3 {1-0 (28) Khairullin,I (2451)-Iljushin,A (2526) Moscow 2004}) 11. Ng3 (11. Nf3 $14) 11... g6 $11 12. Qg4 Qe7 {Black is slightly better.} 13. a3 $146 ({Predecessor:} 13. h4 Ndxe5 14. fxe5 Nxe5 15. Bb5+ Bd7 16. Qe2 O-O 17. Bxd7 Bf2+ 18. Kd1 Bxg3 {1-0 (51) Jurgensen,G (2023)-De Abreu,R (2060) Johannesburg 2016}) 13... b6 (13... Bb6 $11) 14. h4 Bb7 15. Nf3 O-O-O 16. Bd2 (16. b4 $16) 16... a5 17. Ne2 Kb8 18. Nc3 (18. Bb5 $14) 18... Rc8 19. Ne2 Rhg8 (19... Rcd8 $11) 20. Rb1 Ka7 21. Bb5 {Bxc6 is the strong threat.} Ndb8 $1 22. Ng5 Rge8 23. b4 axb4 24. axb4 Nxb4 25. Qxe6 $1 Qxe6 26. Nxe6 Nc2+ 27. Kd1 Rxe6 28. Kxc2 Ba6 29. Kd3 Bxb5+ 30. Rxb5 Nc6 31. Ra1+ Kb7 32. Rab1 Ne7 (32... Kc7 $16) 33. Bb4 $18 Bxb4 (33... Bf2 {might work better.} 34. Bxe7 Rxe7) 34. R1xb4 (34. R5xb4 $6 Rec6 $18) 34... Rec6 35. Nd4 Rc3+ 36. Kd2 Ra3 37. Rxb6+ Ka8 38. Rb7 Ra2+ 39. Kd3 Nf5 $2 (39... Ra3+ 40. Rb3 Rxb3+ 41. Rxb3 Rc1) 40. Nxf5 gxf5 {[%mdl 4096] Endgame KRR-KRR} 41. e6 Rc4 42. Rb8+ Ka7 43. R4b7+ Ka6 44. Rb6+ Ka7 45. R8b7+ Ka8 46. e7 Ra3+ 47. Ke2 $2 ({White must play} 47. Rb3 $18 Re4 48. R7b5 (48. Rxa3+ Kxb7 49. Rc3 Rxe7 $16) 48... Rxb3+ 49. Rxb3) 47... Ra2+ $2 {[%mdl 8192]} (47... Re4+ $14 48. Kd1 Ra1+ 49. Kd2 Rae1) 48. Ke3 (48. Rb2 $142 Rxb2+ 49. Rxb2 Re4+ 50. Kd3 Rxe7 51. Rb5) 48... Ra3+ (48... Re4+ $142 49. Kf3 Ra3+ 50. Rb3 Rxe7 51. Rxe7 Rxb3+ 52. Kf2 Rb7) 49. Ke2 Ra2+ $1 50. Ke3 Ra3+ $1 51. Kd2 Ra2+ 52. Kd3 $2 (52. Rb2 Re4 53. Kd3 (53. Rxa2+ Kxb7 54. Ra5 Kc6 $14) 53... Ra3+ 54. R7b3 Rxb3+ 55. Rxb3) 52... Ra3+ 53. Rb3 $1 Re4 54. Rb8+ ({Less strong is} 54. Rxa3+ Kxb7 55. Rc3 Rxe7 $16) 54... Ka7 55. Rxa3+ Kxb8 {KR-KR} 56. Ra5 Rxe7 57. Rxd5 Rg7 58. Rxf5 Rxg2 59. Ke4 Re2+ 60. Kf3 Re7 61. Kg4 Kc7 62. Kg5 Kd6 63. h5 Ra7 64. Rf6+ $2 (64. Kf6 $18) 64... Ke7 $1 $14 65. Rh6 Kf8 66. f5 (66. Rc6 $16) 66... Kg7 $11 67. Re6 (67. Rd6 $11 Kf7 68. Rf6+ Ke8 69. Rb6) 67... Rb7 $16 {[#]} 68. h6+ ({White should try} 68. Ra6 $1 $16) 68... Kf7 $2 {[#]} (68... Kf8 $1 $11) 69. Rc6 $2 ({Only move:} 69. Rf6+ $1 $18 Ke7 70. Ra6) 69... Re7 $1 $11 {The position is equal.} 70. Rc8 {Strongly threatening Rh8.} Re8 71. Rxe8 Kxe8 72. Kf6 {Intending Kg7 and mate.} Kf8 $1 73. Ke6 {Threatening mate with Kf6.} Ke8 74. Kf6 {Kg7 would kill now.} Kf8 $1 75. Kg5 {White threatens Kf6 and mate.} Kf7 {Accuracy: White = 45%, Black = 39%.} 1/2-1/2

[Event "Moscow Open-F 2019"]
[Site "Moscow"]
[Date "2019.02.02"]
[Round "9"]
[White "Volobuev, Vladimir"]
[Black "Ufimtsev, Egor"]
[Result "1/2-1/2"]
[WhiteElo "1954"]
[BlackElo "2160"]
[Annotator "TA"]
[PlyCount "95"]
[EventDate "2019.01.26"]
[EventType "swiss"]
[EventCountry "RUS"]
[SourceTitle "playchess.com"]
[Source "ChessBase"]
[SourceQuality "1"]

{[%evp 17,95,20,22,17,12,16,14,0,0,0,8,0,7,-14,10,0,0,0,6,0,54,53,53,44,51,47,172,32,51,51,55,56,53,51,62,62,80,80,145,49,395,237,327,285,281,261,259,104,5393,1070,691,0,164,0,0,0,0,0,22,-66,-66,-84,-84,-77,-77,-84,-25,-25,-25,-25,-16,-25,-25,-25,-25,-25,-25,-25,-25,-25]} 1. e4 c5 2. c3 $146 (2. Nf3 Nc6 3. c3 Nf6 4. e5 Nd5 5. d4 cxd4 6. cxd4 e6 7. Bc4 Nb6 8. Bd3 {0-1 (47) Boruchovsky,A (2531)-Naiditsch,A (2667) Jerusalem 2016}) ({Predecessor:} 2. Nf3 e6 3. c3 Nf6 4. e5 Nd5 5. Bc4 d6 6. d4 cxd4 {0-1 (37) Degraeve,J (2553)-Jaracz,P (2518) Cappelle-la-Grande 2009}) 2... Nf6 3. e5 Nd5 4. d4 cxd4 5. cxd4 e6 6. Nf3 d6 7. Bc4 Nb6 8. Bd3 Nc6 9. O-O Nb4 10. Nc3 {B22: Sicilian: 2 c3} (10. Bg5 Be7 11. Bxe7 Qxe7 12. Nc3 Nxd3 13. Qxd3 dxe5 14. dxe5 O-O 15. Qe4 Rb8 16. Nb5 Bd7 17. Nxa7 Ra8 {0-1 (47) Boruchovsky,A (2531)-Naiditsch,A (2667) Jerusalem 2016}) 10... Nxd3 11. Qxd3 Be7 12. Bf4 {The position is equal.} ({Predecessor:} 12. Rd1 O-O 13. Qe4 f5 14. exf6 gxf6 15. Bh6 Rf7 16. Rac1 a6 17. b3 Rb8 {0-1 (37) Degraeve,J (2553)-Jaracz,P (2518) Cappelle-la-Grande 2009}) 12... dxe5 13. Nxe5 O-O 14. Rfd1 Nd5 15. Bg3 a6 16. a3 f6 17. Nc4 Nxc3 18. Qxc3 f5 ({Black should try} 18... b5 $11 19. Na5 Qd5) 19. Be5 $14 b5 20. Na5 {Threatens to win with d5!} Qd5 21. Nc6 Bd6 (21... Bh4 $14 22. Qc5 Bb7 23. Qxd5 exd5) 22. Qg3 (22. Bxd6 $18 Qxd6 23. Qc5 Qxc5 24. dxc5) 22... Rf7 23. Bxd6 Qxc6 24. Rac1 $40 {[%mdl 128] White has some attack.} Qe4 25. Rc3 Bb7 26. f3 Qe2 27. Rdc1 $1 Qxb2 (27... Rd8 $142) 28. h4 (28. Qe1 $1 $16 Rd8 29. R1c2 (29. Qxe6 Qd2 $16) 29... Qxc2 30. Rxc2 Rxd6 31. Qe5) 28... a5 $2 {[%mdl 8192]} (28... Qd2 $1 $14 29. Qe5 Rd8) 29. Be5 {aiming for Rc7.} Rd8 30. Qg5 Rdd7 {[#]} 31. d5 $1 {[%cal Rd5e6][%mdl 512]} Qa2 (31... Bxd5 32. Rc8+) 32. d6 (32. Rc5 $1 $18 {and the rest is easy.}) 32... b4 $2 {[%mdl 8192] [#]} (32... Qe2 $16 33. Qf4 h6) 33. Rc7 (33. Rc8+ $142 $1 {[%mdl 512]} Bxc8 34. Rxc8+ Rf8 35. Qc1) 33... Qd5 $18 34. f4 $2 (34. Rxd7 $18 {Rd8+ would kill now.} Rxd7 35. Bxg7) 34... b3 $2 (34... bxa3 $11 {and Black is okay.} 35. h5 h6) 35. Rxd7 $2 (35. Kh2 $18) 35... Rxd7 $11 36. Rc7 b2 37. Bxb2 Qxd6 {[#]} 38. Rxd7 (38. Bxg7 $1 $11 {[%mdl 512]} Qxc7 39. Be5+ Rg7 40. Bxc7 Rxg5 41. fxg5) 38... Qxd7 $15 39. h5 {[#]} h6 $1 {( -> ...Qd1+)} 40. Qg6 Bd5 41. Kh2 Qf7 ({Better is} 41... a4 $17) 42. Qxf7+ $11 Kxf7 {[%mdl 4096] Endgame KB-KB} 43. Kg3 Bb3 44. Be5 Bd1 {Black has an edge.} 45. Kh4 g6 46. hxg6+ Kxg6 47. Bd4 Kf7 48. Be5 {Accuracy: White = 31%, Black = 37%.} 1/2-1/2